000 00363 a2200169 4500
001 182671
020 _a85-7164-701-1
040 _cMagnum
100 _aScliar, Moacyr
240 1 0 _aA majestade do xingu
_lpor
245 1 0 _aA majestade do xingu
300 _a210
362 0 _a2000
440 1 _aNova Fronteira
697 _aLITERATURA GERAL
942 _cBK
999 _c182671
_d182671